The behavioural environment : essays in reflection, application, and re-evaluation

Αποθηκεύτηκε σε:
Λεπτομέρειες βιβλιογραφικής εγγραφής
Άλλοι συγγραφείς: Boal, Frederick Wilgar (Επιμελητής έκδοσης), Livingstone, David N., 1953- (Επιμελητής έκδοσης)
Μορφή: Βιβλίο
Γλώσσα:English
Δημοσίευση: London : Routledge, c1989.
Θέματα:
Ετικέτες: Προσθήκη ετικέτας
Δεν υπάρχουν, Καταχωρήστε ετικέτα πρώτοι!

MARC

LEADER 00000cam a2200000 i 4500
001 1/5190
008 000602s1989 enk ||| | eng||
020 |a 0415004543 
035 |l 10061497 
040 |a GR-MyUA  |b gre  |e AACR2 
041 0 |a eng 
082 0 |a 304.2  
245 1 4 |a The behavioural environment :   |b essays in reflection, application, and re-evaluation /   |c edited by Frederick W. Boal and David N. Livingstone.  
260 |a London :   |b Routledge,   |c c1989.  
300 |a 337 σ. ;   |c 22 εκ.  
504 |a Περιέχει βιβλιογραφικές παραπομπές και ευρετήριο.  
600 1 0 |a Kirk, W.   |q (William). 
650 0 0 |a Geographical perception. 
650 0 0 |a Human geography. 
700 1 |a Boal, Frederick Wilgar.  |4 edt 
700 1 |a Livingstone, David N.,   |d 1953-  |e edt 
852 |a INST  |b LESVOS  |e 20000602  |h 304.2 BEH  |p 005100026430  |q 005100026430  |t BK  |y 0 
901 |a BIBL1-2000-2 
909 |a Λ  |b 080145 
922 |a 1ΕΛΗ  |b 200005  |c ΚΠΣ/ΤΓ  |d LEADER 
950 |a 118-1999-09-20 
970 |a ΤΖΑΦΕΡΗ  |b ΕΥΑΓΓΕΛΙΑ  |z 2000/06/05